| 000 | 00543nam a22001937a 4500 | ||
|---|---|---|---|
| 003 | BD-DhUIB | ||
| 005 | 20260602123606.0 | ||
| 008 | 260602b |||||||| |||| 00| 0 eng d | ||
| 020 | _a9784431564096 | ||
| 040 |
_aBD-DhUIB _cBD-DhUIB |
||
| 050 | _a306.3 | ||
| 082 | _222 | ||
| 100 |
_aHayami, Akira. _91128 |
||
| 245 |
_aJapans industrious revolution : _beconomic and social transformations in the early modern period/ |
||
| 260 |
_aJapan : _bSpringer , _cc2015 |
||
| 300 |
_axix, 130p. : _billus. ; _c20cm. |
||
| 526 | _aMBA | ||
| 942 |
_2ddc _cBK |
||
| 999 |
_c717 _d717 |
||